ბათუმის შოთა რუსთაველის სახელმწიფო უნივერსიტეტის ბიბლიოთეკა

იურიდიული გეოგრაფია : (ბიბ.ჩანაწერი № 36152)

000 -ლიდერი
ფიქსირებული სიგრძის საკონტროლო ველი 02024nam a2200265Ia 4500
001 - საკონტროლო ნომერი
საკონტროლო ველი 2054
003 - საკონტროლო ნომრის იდენტიფიკატორი
საკონტროლო ველი GE_BSU
005 - ბოლო ოპერაციის თარიღი და დრო
საკონტროლო ველი 20190520152320.0
008 - ფიქსირებული სიგრძის მონაცემთა ელემენტები - ზოგადი ინფორმაცია
ფიქსირებული სიგრძის საკონტროლო ველი 181216s||||||||xx |||||||||||||| ||und||
020 ## - წიგნის საერთაშორისო სტანდარტული ნომერი
International Standard Book Number 9789994025701
040 ## - კატალოგიზაციის წყარო
Transcribing agency GE_BSU
080 ## - უნივერსალური ათობითი კლასიფიკაციის ინდექსი
Universal Decimal Classification number 911.3(100)(035)
100 ## - მთავარი ჩანაწერი - პიროვნების სახელი
Personal name გორგოშაძე, მურმან
9 (RLIN) 1404
245 ## - ცნობა სათაურის შესახებ
Title იურიდიული გეოგრაფია :
Remainder of title ცნობარი /
Statement of responsibility, etc მურმან გორგოშაძე, დავით სამნიძე ; რედ. ომარ მახარაძე ; შოთა რუსთაველის სახელმწ. უნ-ტის სოციალ. მეცნ., ბიზნესისა და სამართალმცოდნ. ფაკ., იურიდ. მეცნ. დეპარტამენტი.
245 ## - ცნობა სათაურის შესახებ
Remainder of title შოთა რუსთაველის სახელ უნ–ტი. სოციალურ მეცნ; ბიზნესისა და სამართალმცოდნეობის ფაკ–ტი, იურიდიულ მეცნიერებათ დეპარტამენტი.
264 ## - წარმოების, გამოცემის, დისტრიბუციის და სხვა ცნობები
გამოცემის, წარმოების, დისტრიბუციის... ადგილი ბათუმი :
გამოცემის, წარმოების, დისტრიბუციის... სახელწოდება შოთა რუსთაველის უნ-ტის გამ-ბა,
გამოცემის, წარმოების, დისტრიბუციის... თარიღი 2008.
300 ## - ფიზიკური აღწერა
Extent 268 გვ.;
Other physical details 20 სმ.
504 ## - BIBLIOGRAPHY, ETC. NOTE
Bibliography, etc ბიბლიოგრ.: გვ. 260-264.
653 ## - INDEX TERM--UNCONTROLLED
Uncontrolled term იურიდიული გეოგრაფია
653 ## - INDEX TERM--UNCONTROLLED
Uncontrolled term ცნობარები
700 ## - ADDED ENTRY--PERSONAL NAME
Personal name სამნიძე, დავით
Relator term ავტორი
9 (RLIN) 1405
700 ## - ADDED ENTRY--PERSONAL NAME
Personal name მახარაძე, ომარ
Relator term რედაქტორი
9 (RLIN) 244
710 ## - ADDED ENTRY--CORPORATE NAME
Corporate name or jurisdiction name as entry element შოთა რუსთაველის სახელმწ. უნ-ტი
Subordinate unit სოციალ. მეცნ., ბიზნესისა და სამართალმცოდნ. ფაკ., იურიდ. მეცნ. დეპარტამენტი.
9 (RLIN) 1406
942 ## - ADDED ENTRY ELEMENTS (KOHA)
Koha item type წიგნი
Source of classification or shelving scheme
ეგზემპლარები
ჩამოწერის სტატუსი დაკარგული ეგზემპლარის სტატუსი კლასიფიკაციის წყარო ან თაროზე გაწყობის სქემა დაზიანების სტატუსი არ გაიცემა მუდმივი მდებარეობა (დაცვის ადგილი) ამჟამინდელი ადგილსამყოფელი შეძენის თარიღი ღირებულება, შესყიდვის ნორმალური ფასი სრული შენახვის შიფრი შტრიხკოდი ბოლო ოპერაციის თარიღი ეგზემპლარის მიმდევრობითი ნომერი (კეტერი?) ფასის ძალაში შესვლის თარიღი ეგზემპლარის სახეობა საჯარო შენიშვნა თაროზე განთავსების ადგილი
          ბათუმის შოთა რუსთაველის სახელმწიფო უნივერსიტეტის მთავარი ბიბლიოთეკა ბათუმის შოთა რუსთაველის სახელმწიფო უნივერსიტეტის მთავარი ბიბლიოთეკა 2018-12-17 9.00 911.3(100)(035) გ–76 4262 2018-12-17 4262 2018-12-17 წიგნი 9 ლ.  
          ბათუმის შოთა რუსთაველის სახელმწიფო უნივერსიტეტის მთავარი ბიბლიოთეკა ბათუმის შოთა რუსთაველის სახელმწიფო უნივერსიტეტის მთავარი ბიბლიოთეკა 2022-11-17 9.00 911.3(100)(035) გ-76 5154 2022-11-17 5154 2022-11-17 წიგნი 9.00 წიგნსაცავი
          ბათუმის შოთა რუსთაველის სახელმწიფო უნივერსიტეტის მთავარი ბიბლიოთეკა ბათუმის შოთა რუსთაველის სახელმწიფო უნივერსიტეტის მთავარი ბიბლიოთეკა 2023-02-13 9.00 911.3(100)(035) გ-76 63776 2023-02-13 63776 2023-02-13 წიგნი 9.00 წიგნსაცავი